000 00673nam a22001937a 4500
003 OSt
005 20251223165125.0
008 251223b |||||||| |||| 00| 0 eng d
040 _cDCL
041 _aEnglish
082 _a959.1
245 1 4 _aThe Royal orders of Burma, A.D. 1598-1885 /
_cedited with introduction, notes and summary in English of Each Order by Than Tun.
260 _aKyoto :
_bCenter for Southeast Asian Studies,
_c1990.
300 _avii, 159 pages :
_c26 cm.
504 _aIncludes bibliographical references (p. 230-233) and index
650 _aLaw
_zMyanmar
650 _aBurma
_vHistory
_yToungoo dynasty,
942 _2ddc
_cSHORT TERM
_n0
999 _c2800
_d2800